00508 2200181 4500001002100000005001800021008004100039035002400080090002100104100001000125245003500135250001000170260007100180300002100251650002400272850001500296999001500311YOGYA-0211000000178620110208084249601 ind  0010-021100000001786 aDep 301.32 Kas F aKasto aFertility behavior in sriharjo aEd. 1 aYogyakartabPopulation Studies center Gadjah Mada Universityc1981 a83 hlm . ; 29 cm aPenduduk - Sriharjo aYOPDYOG[B] aD000001195